=LDR 00000nam 2200000 4500 =001 INLIS000000000014903 =005 20130612110202 =008 ***********************************Ind** =035 ##$$0010-061300000014903 =041 ##$$a Ind =082 ##$$a F 813 =090 ##$$a F 813, Art r =100 ##$$a Artha, Arwan Tuti =245 ##$$a Rembulan diatas borobudur =260 ##$$a 2002 $b Yogyakarta =300 ##$$a xii, 148 hlm, 20 cm =650 ##$$a Fiksi indonesia =850 ##$$a NBPNMAT